000 00900nam0a22002771 4500
001 rc\429655
005 20250621082658.0
035 _a(NLR Aleph) 005676447
090 _a7028916
_c7028916
100 _a20030616d1988 |||y0rusy50 ca
101 0 _arus
102 _aRU
105 _aa |||||||||
200 1 _aРабота с самодеятельным хоровым коллективом
205 _a4-е изд.
210 _aМ.
_cМузыка
_d1988
215 _a173, [2] с.
_cнот. ил.
_d22
225 1 _aХудожественной самодеятельности
320 _aБиблиогр.: с. 165-174
700 1 _7ca
_8rus
_aЖирнова
_bЛ. В.
_f1936-2012
_gЛюдмила Васильевна
_9239068
_3RU\NLR\AUTH\770239124
801 0 _aRU
_bNLR
_gpsbo
801 1 _aRU
_bELAR
_2rusmarc
852 _aNLR
_j88-5/2658
942 _cBOOK
980 _aNB